Meteorología popular o Refranero Meteorológico de la Península Ibérica. (Record no. 162682)

MARC details
000 -LEADER
campo de control de longitud fija 01227nam a2200301 i 4500
001 - NÚMERO DE CONTROL
campo de control 162682
003 - IDENTIFICADOR DE NÚMERO DE CONTROL
campo de control ES-MaACL
005 - FECHA Y HORA DE LA ÚLTIMA TRANSACCIÓN
campo de control 20251004063212.0
008 - DATOS DE LONGITUD FIJA--INFORMACIÓN GENERAL
campo de control de longitud fija 990416s1896 sp a |||| | spa d
040 ## - FUENTE DE CATALOGACIÓN
Centro catalogador/agencia de origen CCPB | B
Lengua de catalogación spa
Centro/agencia transcriptor CCPB | B
080 ## - NÚMERO DE LA CLASIFICACIÓN DECIMAL UNIVERSAL
Número de la Clasificación Decimal Universal 551.5:(0:82)
100 2# - ENTRADA PRINCIPAL--NOMBRE DE PERSONA
Nombre de persona Puente y Ubeda, Carlos,
Fechas asociadas al nombre 1855-1925
9 (RLIN) 131403
245 10 - MENCIÓN DEL TÍTULO
Título Meteorología popular o Refranero Meteorológico de la Península Ibérica.
Número de parte o sección de la obra I /
Mención de responsabilidad, etc. ordenadamente expuesto a título de ensayo por Carlos Puente y Úbeda.
246 10 - FORMA VARIANTE DEL TITULO
Título propio/Titulo breve Refranero meteorológico de la Península Ibérica
260 ## - PUBLICACIÓN, DISTRIBUCIÓN, ETC.
Lugar de publicación, distribución, etc. Madrid :
Nombre del editor, distribuidor, etc. [s.n.],
Fecha de publicación, distribución, etc. 1896 (
Fabricante Tip. de los Sucesores de Cuesta)
300 ## - DESCRIPCIÓN FÍSICA
Extensión 279 p. :
Otras características físicas il. ;
Dimensiones 20 cm.
490 1# - MENCIÓN DE SERIE
Mención de serie Biblioteca "Vox Populi"
505 8# - NOTA DE CONTENIDO CON FORMATO
Nota de contenido con formato Contiene: I ;
Título Climatología
530 ## - NOTA DISPONIBLE DE FORMULARIO FÍSICO ADICIONAL
Nota de formato físico adicional disponible Disponible en formato digital.
595 ## -
-- Palau sólo cita esta parte.
650 04 - PUNTO DE ACCESO ADICIONAL DE MATERIA--TÉRMINO DE MATERIA
Término de materia o nombre geográfico como elemento de entrada Tiempo (Meteorología)-
Subdivisión de forma Refranes y proverbios.
9 (RLIN) 17535
651 #4 - PUNTO DE ACCESO ADICIONAL DE MATERIA--NOMBRE GEOGRÁFICO
Nombre geográfico España-
Subdivisión general Clima.
9 (RLIN) 8172
752 ## - ENTRADA AGREGADA--NOMBRE JERÁRQUICO DEL LUGAR
País o entidad superior España -
Ciudad Madrid
830 0# - PUNTO DE ACCESO ADICIONAL DE SERIE-TÍTULO UNIFORME
Título uniforme Biblioteca "Vox Populi"
9 (RLIN) 222215
852 ## - LOCALIZACIÓN
Ubicación ES-MaACL
Número de control de estantería F-6505
Nota libre - Enc. hol.
856 ## - LOCALIZACIÓN Y ACCESO ELECTRÓNICOS
Identificador Uniforme de Recursos <a href="http://bdh-rd.bne.es/viewer.vm?id=0000076115&page=1 ">http://bdh-rd.bne.es/viewer.vm?id=0000076115&page=1 </a>
Nota pública Biblioteca Digital Hispánica
Holdings
Estatus retirado Estado de pérdida Estado de daño No para préstamo Colección Biblioteca de origen Biblioteca actual Ubicación en estantería Fecha de adquisición Fuente de adquisición Total de préstamos Signatura topográfica completa Código de barras Visto por última vez Precio de reemplazo Tipo de ítem Koha
        Colección digital Biblioteca del Ateneo de Madrid Biblioteca del Ateneo de Madrid Depósito 2 17/01/2008     F-6505 1170437 23/02/2023 23/02/2023 Libro impreso antiguo